| 000 | 00000nam 2200000zi 4500 |
| 001 | 9.935824 |
| 003 | CaOODSP |
| 005 | 20240405085606 |
| 006 | m o d f |
| 007 | cr mn||||||||| |
| 008 | 240322t20242024quca ob f000 0 fre d |
| 020 | |a9780660709567 |
| 040 | |aCaOODSP|bfre|erda|cCaOODSP |
| 043 | |an-cn-on |
| 045 | |ay2y2 |
| 086 | 1 |aTU3-10/23-0108F-PDF |
| 110 | 2 |aBureau de la sécurité des transports du Canada.|eauteur, |eorganisme de publication. |
| 245 | 10|aPersonnel au sol empêtré dans les cordes d'une charge externe, Airbus Helicopters AS350 BA, C-FHAU, Forage G4 Canada ltée et Expedition Helicopters Inc., Wawa (Ontario), 25 NM W, 20 août 2023. |
| 264 | 1|aGatineau QC : |bBureau de la sécurité des transports du Canada = Transportation Safety Board of Canada, |c2024. |
| 264 | 4|c©2024 |
| 300 | |a1 ressource en ligne (10 pages) : |billustrations en couleur. |
| 336 | |atexte|btxt|2rdacontent/fre |
| 337 | |ainformatique|bc|2rdamedia/fre |
| 338 | |aressource en ligne|bcr|2rdacarrier/fre |
| 490 | 1 |aRapport d'enquête sur la sécurité du transport aérien ; |vA23O0108 |
| 500 | |aPublié aussi en anglais sous le titre : Ground personnel entanglement with external load, G4 Drilling Canada Ltd. And Expedition Helicopters Inc., Airbus Helicopters AS350 BA, C-FHAU, Wawa, Ontario, 25 NM W, 20 August 2023. |
| 500 | |a« [P]ublié le 28 mars 2024 » -- Page 10. |
| 504 | |aComprend des références bibliographiques. |
| 650 | 6|aHélicoptères|xAccidents|xEnquêtes|zOntario. |
| 775 | 08|tGround personnel entanglement with external load, G4 Drilling Canada Ltd. And Expedition Helicopters Inc., Airbus Helicopters AS350 BA, C-FHAU, Wawa, Ontario, 25 NM W, 20 August 2023.|w(CaOODSP)9.935822 |
| 830 | #0|aBilan d'enquête de sécurité du transport aérien ;|vA23O0108.|w(CaOODSP)9.845276 |
| 856 | 40|qPDF|s1.04 Mo|uhttps://publications.gc.ca/collections/collection_2024/bst-tsb/TU3-10-23-0108-fra.pdf |
| 856 | 4 |qHTML|sS.O.|uhttps://www.tsb.gc.ca/fra/rapports-reports/aviation/2023/a23o0108/a23o0108.html |